| 000 | 00000nam 2200000za 4500 |
| 001 | 9.850057 |
| 003 | CaOODSP |
| 005 | 20250825140554 |
| 007 | cr ||||||||||| |
| 008 | 180115s2018 onc o f000 0 fre d |
| 020 | |a9780660245430|z9780660245447 |
| 040 | |aCaOODSP|bfre |
| 043 | |an-cn--- |
| 086 | 1 |aNR16-197/2018F-PDF |
| 110 | 2 |aConseil national de recherches Canada. |
| 245 | 10|aPlateforme d’expression CHO (L-11266 / 11992 / 12273 / 12671) |h[ressource électronique]. |
| 260 | |a[Ottawa] : |bConseil national de recherches Canada, |c2018. |
| 300 | |a[1] p. |
| 500 | |aPubl. aussi en anglais sous le titre : CHO expression platform (L-11266 / 11992 / 12273 / 12671). |
| 500 | |aTitre de départ. |
| 500 | |a« Janvier 2018. » |
| 530 | |aÉgalement publ. en version imprimée. |
| 693 | 4|aProtéines recombinantes |
| 693 | 4|aImmunotechnologie |
| 775 | 08|tCHO expression platform (L-11266 / 11992 / 12273 / 12671) |w(CaOODSP)9.850055 |
| 776 | 0#|tPlateforme d'expression CHO (L-11266 / 11992 / 12273 / 12671) |w(CaOODSP)9.850059 |
| 794 | |tPlateforme d’expression CHO : |w(CaOODSP)9.954445 |
| 856 | 40|qPDF|s123 Ko|uhttps://publications.gc.ca/collections/collection_2018/cnrc-nrc/NR16-197-2018-fra.pdf |